A zsombói új iskola

Elmentve itt :
Bibliográfiai részletek
Szerző: Horváth Dezső
Dokumentumtípus: Cikk
Megjelent: 1969-08-31
Sorozat:Délmagyarország
Kulcsszavak:Iskolatörténet Zsonbó 1969, Oktatás általános iskolai avatás Zsombó
Online Access:http://dmarchiv.bibl.u-szeged.hu/36835
LEADER 00492nab a2200157 i 4500
001 delm36835
005 20180927112809.0
008 180927s1969 hu o 0|| hun d
040 |a SZTE Délmagyarország Archívum  |b hun 
041 |a hun 
100 1 |a Horváth Dezső 
245 1 2 |a A zsombói új iskola  |h [elektronikus dokumentum] /  |c  Horváth Dezső 
260 |c 1969-08-31 
300 |a 3 
490 0 |a Délmagyarország 
695 |a Iskolatörténet Zsonbó 1969, Oktatás általános iskolai avatás Zsombó